000 00523 a2200169 4500
001 127652
040 _cEscola Canadense de Niteroi
100 _aReading A-Z
245 1 0 _aRunning Records: The Bronx Zoo Cares
490 0 _aReading a-z
520 _aAnimals' homes at the Bronx Zoo show the zoo cares about its animals. (Running Records Level: K)
650 4 _aTeacher's Research
650 4 _aEducation and Teaching
650 4 _aEducation, Bilingual
650 4 _aEducational tests and measurements
942 _cBK
999 _c127652
_d127652